MARC details
| 000 -CABECERA |
| campo de control de longitud fija |
02563nam a2200301 i 4500 |
| 001 - NÚMERO DE CONTROL |
| campo de control |
991055867229706706 |
| 005 - FECHA Y HORA DE LA ÚLTIMA TRANSACCIÓN |
| campo de control |
20250619152210.0 |
| 008 - DATOS DE LONGITUD FIJA--INFORMACIÓN GENERAL |
| campo de control de longitud fija |
200615e202001uuspca||| |||| 0|0 0 spa| |
| 015 ## - NÚMERO DE BIBLIOGRAFÍA NACIONAL |
| Número de bibliografía nacional |
LL2020 |
| Fuente |
bnc |
| 017 ## - NÚMERO DE COPYRIGHT O DE DEPÓSITO LEGAL |
| Número de copyright o de depósito legal |
DL B 26435-2019 |
| Agencia que asigna |
Biblioteca de Catalunya |
| 020 ## - NÚMERO INTERNACIONAL ESTÁNDAR DEL LIBRO |
| Número Internacional Estándar del Libro |
9788449336515 |
| 035 ## - NÚMERO DE CONTROL DEL SISTEMA |
| Número de control de sistema |
(ES-BaCBU).b74259076 |
| 035 ## - NÚMERO DE CONTROL DEL SISTEMA |
| Número de control de sistema |
(OCoLC)1256470731 |
| 040 ## - FUENTE DE LA CATALOGACIÓN |
| Centro catalogador/agencia de origen |
ES-BaBC |
| Lengua de catalogación |
English |
| Normas de descripción |
rda |
| Centro/agencia transcriptor |
ES-BaBC |
| 041 ## - CÓDIGO DE LENGUA |
| Código de lengua del texto/banda sonora o título independiente |
Spanish |
| 100 ## - ENTRADA PRINCIPAL--NOMBRE DE PERSONA |
| Nombre de persona |
Pereyra Marí, Jordi, |
| Fechas asociadas al nombre |
1990- |
| Término indicativo de función/relación |
author |
| 245 10 - MENCIÓN DE TÍTULO |
| Título |
Respuestas sorprendentes a preguntas cotidianas |
| Resto del título |
: curiosidades que solo la ciencia puede explicar |
| Mención de responsabilidad, etc. |
/ Jordi Pereyra ; prólogo de Javier Santaolalla |
| 250 ## - MENCIÓN DE EDICIÓN |
| Mención de edición |
First edition |
| 264 #1 - PRODUCCIÓN, PUBLICACIÓN, DISTRIBUCIÓN, FABRICACIÓN Y COPYRIGHT |
| Producción, publicación, distribución, fabricación y copyright |
Barcelona : |
| Nombre del de productor, editor, distribuidor, fabricante |
Paidós, |
| Fecha de producción, publicación, distribución, fabricación o copyright |
2020 |
| 300 ## - DESCRIPCIÓN FÍSICA |
| Extensión |
374 pages: |
| Otras características físicas |
illustrations ; |
| Dimensiones |
24 cm |
| 490 1# - MENCIÓN DE SERIE |
| Mención de serie |
Paidós contextos |
| 520 ## - SUMARIO, ETC. |
| Sumario, etc. |
Los humanos tenemos la extraña manía de hacernos preguntas. Muchas. Todos los días. Pero a veces, por más que lo intentemos y aunque no nos guste admitirlo, no solo no encontramos las respuestas, sino que ni tan siquiera sabemos dónde ir a buscarlas. ¿O es que nunca os habéis preguntado por qué saltan chispas cuando metemos un metal en el microondas?<br/><br/>Sin embargo, la verdadera pregunta es esta: ¿dónde están las respuestas? Pues en la ciencia, ¿dónde si no? El problema es que la ciencia a veces se convierte en algo oscuro e ininteligible, y por mucho que googleemos nuestras dudas, no hay quien entienda los resultados. Tranquilos, tenemos la solución. Jordi Pereyra, autor del blog y canal de YouTube «Ciencia de Sofá», nos resolverá todas las dudas en Respuestas sorprendentes a preguntas cotidianas. |
| 520 ## - SUMARIO, ETC. |
| Sumario, etc. |
Humans have a peculiar habit: we ask questions. Lots of them. Every single day. But sometimes, no matter how hard we try — and even if we don’t like to admit it — we not only fail to find the answers, but we haven’t the faintest idea where to start looking. Haven’t you ever wondered why sparks fly when you put metal in the microwave?<br/><br/>But the real question is this: where are the answers? In science, of course — where else? The trouble is, science can sometimes seem obscure and incomprehensible, and no matter how much we Google our doubts, we’re left none the wiser. Not to worry — we’ve got the solution. Jordi Pereyra, creator of the blog and YouTube channel Ciencia de Sofá, is here to clear things up in Surprising Answers to Everyday Questions. |
| 650 #0 - PUNTO DE ACCESO ADICIONAL DE MATERIA--TÉRMINO DE MATERIA |
| Término de materia o nombre geográfico como elemento de entrada |
Science |
| 9 (RLIN) |
12924 |
| 653 ## - TÉRMINO DE INDIZACIÓN--NO CONTROLADO |
| Término no controlado |
Curiosities and enigmas |
| 830 #0 - PUNTO DE ACCESO ADICIONAL DE SERIE-TÍTULO UNIFORME |
| Título uniforme |
Paidós contextos |
| 942 ## - ELEMENTOS DE ENTRADA AGREGADA (KOHA) |
| Fuente del sistema de clasificación o colocación |
Clasificación de Library of Congress |